Games of strategy / (Record no. 350419)

000 -LEADER
fixed length control field 01134cam a2200385 a 4500
001 - CONTROL NUMBER
control field 10510193
003 - CONTROL NUMBER IDENTIFIER
control field OSt
005 - DATE AND TIME OF LATEST TRANSACTION
control field 20180116183017.0
008 - FIXED-LENGTH DATA ELEMENTS--GENERAL INFORMATION
fixed length control field 090205s2009 nyua b 001 0 eng
010 ## - LIBRARY OF CONGRESS CONTROL NUMBER
LC control number 2009004484
020 ## - INTERNATIONAL STANDARD BOOK NUMBER
International Standard Book Number 978039117516
035 ## - SYSTEM CONTROL NUMBER
System control number (OCoLC)ocn298178381
035 ## - SYSTEM CONTROL NUMBER
System control number (NNC)10510193
040 ## - CATALOGING SOURCE
Original cataloging agency DLC
Language of cataloging eng
Transcribing agency DLC
Modifying agency BTCTA
-- CDX
-- YDXCP
-- VP@
-- YHM
-- OCLCF
050 00 - LIBRARY OF CONGRESS CALL NUMBER
Classification number HB144
Item number .D59 2009
082 00 - DEWEY DECIMAL CLASSIFICATION NUMBER
Classification number 519.3 DIX 2009
Edition number 22
100 1# - MAIN ENTRY--PERSONAL NAME
Personal name Dixit, Avinash K.
245 10 - TITLE STATEMENT
Title Games of strategy /
Statement of responsibility, etc. Avinash Dixit, Susan Skeath, David Reiley.
250 ## - EDITION STATEMENT
Edition statement 3rd ed.
260 ## - PUBLICATION, DISTRIBUTION, ETC.
Place of publication, distribution, etc. New York :
Name of publisher, distributor, etc. W. W. Norton & Co.,
Date of publication, distribution, etc. c2009.
300 ## - PHYSICAL DESCRIPTION
Extent xxii, 794 p. :
Other physical details ill. ; PB
Dimensions 26 cm.
504 ## - BIBLIOGRAPHY, ETC. NOTE
Bibliography, etc. note Includes bibliographical references and index.
650 #0 - SUBJECT ADDED ENTRY--TOPICAL TERM
Topical term or geographic name entry element Game theory.
650 #0 - SUBJECT ADDED ENTRY--TOPICAL TERM
Topical term or geographic name entry element Policy sciences.
650 #0 - SUBJECT ADDED ENTRY--TOPICAL TERM
Topical term or geographic name entry element Decision making.
650 #7 - SUBJECT ADDED ENTRY--TOPICAL TERM
Topical term or geographic name entry element Decision making.
Source of heading or term fast
650 #7 - SUBJECT ADDED ENTRY--TOPICAL TERM
Topical term or geographic name entry element Game theory.
Source of heading or term fast
650 #7 - SUBJECT ADDED ENTRY--TOPICAL TERM
Topical term or geographic name entry element Policy sciences.
Source of heading or term fast
700 1# - ADDED ENTRY--PERSONAL NAME
Personal name Skeath, Susan.
700 1# - ADDED ENTRY--PERSONAL NAME
Personal name Reiley, David.
942 ## - ADDED ENTRY ELEMENTS (KOHA)
Source of classification or shelving scheme
Koha item type Book
948 1# - LOCAL PROCESSING INFORMATION (OCLC); SERIES PART DESIGNATOR (RLIN)
Series part designator, SPT (RLIN) 20131023
b (OCLC) c
c (OCLC) rad1
d (OCLC) MPS
948 2# - LOCAL PROCESSING INFORMATION (OCLC); SERIES PART DESIGNATOR (RLIN)
Series part designator, SPT (RLIN) 20131023
b (OCLC) a
c (OCLC) rad1
d (OCLC) MPS
Holdings
Withdrawn status Lost status Source of classification or shelving scheme Damaged status Not for loan Collection code Permanent Location Current Location Shelving location Date acquired Total Checkouts Total Renewals Full call number Barcode Date last seen Price effective from Koha item type
            Central Library (CL) Central Library (CL) General Stacks 10/14/2015   1 519.3 DIX 2009 NBS9546 04/13/2022 10/14/2015 Book
© 2023 Central Library, National University of Sciences and Technology. All Rights Reserved.